000 00258 a2200097 4500
001 48508
100 _aJanis, J.H
245 _aNew standard reference for secretaries and administrative assistants
260 _aNew York
_bMacmillan
_c
090 _c31444
_d31444
942 _aNUST-CAE
_cM
_c23830
999 _c283581
_d283581